Jainendra ke upanyas me nari patra/ (Record no. 21353)

000 -LEADER
fixed length control field 00416nam a22001571a 4500
082 ## - DEWEY DECIMAL CLASSIFICATION NUMBER
Classification number H300 9
Item number SAV/J
100 ## - MAIN ENTRY--AUTHOR NAME
Personal name Savithiri Mattpaal
245 ## - TITLE STATEMENT
Title Jainendra ke upanyas me nari patra/
Statement of responsibility, etc by Savithiri Mattpaal
260 ## - PUBLICATION, DISTRIBUTION, ETC. (IMPRINT)
Place of publication Jaipur:
Name of publisher Mangal,
Year of publication 1991.
300 ## - PHYSICAL DESCRIPTION
Number of Pages 210p.
650 ## - SUBJECT ADDED ENTRY--TOPICAL TERM
Topical Term Literature Hindi
650 ## - SUBJECT ADDED ENTRY--TOPICAL TERM
Topical Term Novel Hindi Criticism
650 ## - SUBJECT ADDED ENTRY--TOPICAL TERM
Topical Term Novel Jainendra Criticism
650 ## - SUBJECT ADDED ENTRY--TOPICAL TERM
Topical Term Literature
942 ## - ADDED ENTRY ELEMENTS (KOHA)
Koha item type Book
Holdings
Withdrawn status Lost status Damaged status Not for loan Permanent Location Current Location Date acquired Cost, normal purchase price Full call number Accession Number Cost, replacement price Price effective from Koha item type
        Sree Sankaracharya University of Sanskrit Sree Sankaracharya University of Sanskrit 08.01.2015 90.00 H300 9 SAV/J 034404 0.00 08.01.2015 Book